000 00331 a2200157 4500
001 74346
020 _a9788576755463
040 _cAnchieta - Colégio São Paulo
100 _aVasconcelos, Adson
240 1 0 _aPortuguês
_lpor
245 1 0 _aPortuguês
300 _a256
362 0 _a2010
650 4 _aPortuguês
942 _cBK
999 _c74346
_d74346